00250nam a22000857a 4500040000700000082000800007100001400015245011700029260001800146 cSK a317 aLOWELL J. aដើមម្រំ អាហរធម្មជាតិសំរាប់តំបន់ត្រូពិក aNAbLOWc1999